Normal view MARC view
  • Pharmacy

Entry Topical Term

Number of records used in: 1

001 - CONTROL NUMBER

  • control field: 5569

003 - CONTROL NUMBER IDENTIFIER

  • control field: OSt

005 - DATE AND TIME OF LATEST TRANSACTION

  • control field: 20200520105114.0

008 - FIXED-LENGTH DATA ELEMENTS

  • fixed length control field: 200520|| aca||aabn | a|a d

040 ## - CATALOGING SOURCE

  • Original cataloging agency: OSt
  • Transcribing agency: OSt

150 ## - HEADING--TOPICAL TERM

  • Topical term or geographic name as entry element: Pharmacy

670 ## - SOURCE DATA FOUND

  • Source citation: Work cat.: (OSt)6306: Sharma ,DC 5566, M C Q'S in Biochmistry with wxplaiatory answers, 2019